<?xml version="1.0" encoding="UTF-8"?>
<record
    xmlns:xsi="http://www.w3.org/2001/XMLSchema-instance"
    xsi:schemaLocation="http://www.loc.gov/MARC21/slim http://www.loc.gov/standards/marcxml/schema/MARC21slim.xsd"
    xmlns="http://www.loc.gov/MARC21/slim">

  <leader>00340nam a22001577a 4500</leader>
  <controlfield tag="003">SGT</controlfield>
  <datafield tag="020" ind1=" " ind2=" ">
    <subfield code="a">9780323530545</subfield>
  </datafield>
  <datafield tag="082" ind1=" " ind2=" ">
    <subfield code="a">617.8</subfield>
    <subfield code="b">M20D</subfield>
  </datafield>
  <datafield tag="100" ind1=" " ind2=" ">
    <subfield code="a">DUFFY, JOSEPH R.</subfield>
  </datafield>
  <datafield tag="245" ind1=" " ind2=" ">
    <subfield code="a">MOTOR SPEECH DISORDERS</subfield>
  </datafield>
  <datafield tag="250" ind1=" " ind2=" ">
    <subfield code="a">4TH</subfield>
  </datafield>
  <datafield tag="260" ind1=" " ind2=" ">
    <subfield code="a">EDINBURGH </subfield>
    <subfield code="b">ELSEVIER PUB. </subfield>
    <subfield code="c">2020</subfield>
  </datafield>
  <datafield tag="300" ind1=" " ind2=" ">
    <subfield code="a">497</subfield>
  </datafield>
  <datafield tag="650" ind1=" " ind2=" ">
    <subfield code="a">AUDIOLOGY</subfield>
  </datafield>
  <datafield tag="942" ind1=" " ind2=" ">
    <subfield code="2">ddc</subfield>
    <subfield code="c">BK</subfield>
  </datafield>
  <datafield tag="952" ind1=" " ind2=" ">
    <subfield code="0">0</subfield>
    <subfield code="1">0</subfield>
    <subfield code="2">ddc</subfield>
    <subfield code="4">0</subfield>
    <subfield code="7">1</subfield>
    <subfield code="8">MEDICAL</subfield>
    <subfield code="a">FM</subfield>
    <subfield code="b">FM</subfield>
    <subfield code="c">REF</subfield>
    <subfield code="d">2022-07-01</subfield>
    <subfield code="e">ADWELL BOOK COMPNY</subfield>
    <subfield code="g">8606.00</subfield>
    <subfield code="h">$105.99</subfield>
    <subfield code="i">SGTU</subfield>
    <subfield code="o">617.8 M20D</subfield>
    <subfield code="p">FM12998</subfield>
    <subfield code="r">2022-07-01 00:00:00</subfield>
    <subfield code="w">2022-06-11</subfield>
    <subfield code="y">BK</subfield>
    <subfield code="k">1687</subfield>
  </datafield>
  <datafield tag="952" ind1=" " ind2=" ">
    <subfield code="0">0</subfield>
    <subfield code="1">0</subfield>
    <subfield code="2">ddc</subfield>
    <subfield code="4">0</subfield>
    <subfield code="7">1</subfield>
    <subfield code="8">MEDICAL</subfield>
    <subfield code="a">FM</subfield>
    <subfield code="b">FM</subfield>
    <subfield code="c">REF</subfield>
    <subfield code="d">2022-07-01</subfield>
    <subfield code="e">ADWELL BOOK COMPNY</subfield>
    <subfield code="g">8606.00</subfield>
    <subfield code="h">$105.99</subfield>
    <subfield code="i">SGTU</subfield>
    <subfield code="o">617.8 M20D</subfield>
    <subfield code="p">FM12999</subfield>
    <subfield code="r">2022-07-01 00:00:00</subfield>
    <subfield code="w">2022-06-11</subfield>
    <subfield code="y">BK</subfield>
    <subfield code="k">1687</subfield>
  </datafield>
  <datafield tag="999" ind1=" " ind2=" ">
    <subfield code="c">22971</subfield>
    <subfield code="d">22971</subfield>
  </datafield>
</record>
